Introduction to health research methods : (رقم التسجيلة. 79510)
[ عرض عادي ]
| 000 -الفاتح | |
|---|---|
| حقل البيانات ثابتة الطول | 03110cam a22003378i 4500 |
| 001 - رقم الضبط | |
| رقم الضبط | 1124777173 |
| 003 - محدد رقم الضبط | |
| رقم الضبط | OCoLC |
| 005 - وقت وتاريخ اخر تعامل مع التسجيلة | |
| رقم الضبط | 20210306162859.0 |
| 008 - عناصر البيانات ثابتة الطول - معلومات عامة | |
| حقل البيانات ثابتة الطول | 191016s2021 mau 001 0 eng |
| 010 ## - رقم ضبط مكتبة الكونجرس | |
| رقم ضبط مكتبة الكونجرس | 2019047577 |
| 020 ## - الرقم الدولى المعيارى للكتب | |
| الرقم الدولى المعيارى للكتاب | 9781284197563 |
| Qualifying information | (paperback) |
| 020 ## - الرقم الدولى المعيارى للكتب | |
| الرقم الدولى المعيارى للكتاب | 1284197638 |
| 035 ## - رقم ضبط النظام | |
| رقم ضبط النظام | (OCoLC)1124777173 |
| 040 ## - مصدر الفهرسة | |
| وكالة الفهرسة الأصلية | DNLM/DLC |
| لغة الفهرسة | eng |
| قواعد الوصف | rda |
| وكالة النسخ | DLC |
| وكالة التعديل | OCLCO |
| -- | OCLCA |
| 042 ## - رمز التحقق | |
| رمز التحقق | pcc |
| 050 00 - رقم طلب مكتبة الكونجرس | |
| رقم التصنيف | R852 |
| 060 10 - رقم الطلب بالمكتبة الطبية الوطنية | |
| رقم التصنيف | W 20.5 |
| 082 00 - رقم تصنيف ديوى العشرى | |
| رقم التصنيف | 610.724 |
| رقم الطبعة | 23 |
| رقم المادة | JKI |
| 096 ## - رقم استدعاء المكتبة الطبية الوطنية المحلى | |
| رقم التصنيف | W 20.5 |
| رقم المادة | J17i 2021 |
| 100 1# - المدخل الرئيسى - إسم شخصى | |
| الإسم الشخصى | Jacobsen, Kathryn H., |
| الدور | author. |
| 9 (RLIN) | 75253 |
| 245 10 - بيان العنوان | |
| العنوان | Introduction to health research methods : |
| بقية العنوان | a practical guide / |
| بيان المسئوليه,etc | Kathryn H. Jacobsen. |
| 250 ## - بيان الطبعة | |
| بيان الطبعة | Third edition. |
| 264 #1 - النشر, التوزيع, ETC. (IMPRINT) | |
| مكان الناشر او الموزع | Burlington, MA : |
| اسم الناشر او الموزع | Jones & Bartlett Learning, |
| تاريخ النشر أو التوزيع | [2021] |
| 300 ## - الوصف المادى | |
| التعداد | xx, 404 pages : |
| تفاصيل ماديه اخرى للوعاء | color illustrations |
| أبعاد الوعاء | 23cm |
| 500 ## - تبصرة عامة | |
| تبصرة عامة | Includes index. |
| 505 0# - تبصرة محتويات-الفهرس | |
| تبصرة المحتويات المصاغة | The Health Research Process -- Selecting a Research Question -- Reviewing the Literature -- Defining Specific Aims -- Professional Development -- Coauthoring -- Overview of Study Designs -- Case Series -- Cross-Sectional Studies -- Case-Control Studies -- Cohort Studies -- Experimental Studies -- Qualitative Studies -- Correlational Studies -- Synthesis Research -- Research Protocols -- Ethical Considerations -- Ethical Review and Approval -- Population Sampling -- Sample Size and Power -- Sample Size and Power -- Questionnaire Development -- Collecting Quantitative Data -- Collecting Qualitative Data -- Additional Assessments -- Secondary Analyses -- Systematic Reviews and Meta-Analyses -- Writing Grant Proposals -- Data Management -- Descriptive Statistics -- Comparative Statistics -- Regression Analysis -- Qualitative Analysis -- Additional Analysis Tools -- Posters and Presentations -- Article Structure -- Citing -- Critically Revising -- Writing Success Strategies -- Reasons to Publish -- Selecting Target Journals -- Manuscript Submission -- Peer Review and Publication. |
| 520 ## - التبصرة الخاصة بالتعليق أو التلخيص | |
| ملخص,الخ | "Designed to empower new investigators to conduct their own original research projects, the Third Edition of Introduction to Health Research Methods provides a practical, step-by-step guide to conducting quantitative and qualitative research in medicine, public health, and other clinical and population health fields. Organized in five sections, the text covers the entire research process from formulating a study question and selecting a study approach to collecting and analyzing data and then disseminating the findings. Chapters about methods for primary studies (collecting new data), secondary analyses (analyzing existing data), and tertiary studies (conducting literature reviews and meta-analyses) provide comprehensive coverage of the scope of health research. By breaking the research process down into a series of achievable steps, Introduction to Health Research Methods shows students and early career scholars how they can contribute to improving the health of individuals and communities through research"-- |
| 650 12 - المدخل الاضافى بالموضوع-مصطلح موضوعى | |
| مصطلح موضوعي أو اسم جغرافي كعنصر مدخل | Biomedical Research |
| التقسيم الفرعي العام | methods. |
| 9 (RLIN) | 17555 |
| 650 12 - المدخل الاضافى بالموضوع-مصطلح موضوعى | |
| مصطلح موضوعي أو اسم جغرافي كعنصر مدخل | Research Design. |
| 9 (RLIN) | 88693 |
| 942 ## - عناصر المدخل الإضافي( كوها) | |
| مصدر التصنيف او مخطط الترفيف | Dewey Decimal Classification |
| Koha [default] item type | كتاب |
| حالة الفقد | نموذج السعر الفعال | حالة تلف | ليس للاعارة | رقم الطلب | تاريخ الاكتساب | الموقع الحالي | الباركود | الفرع الرئيسي | Date last seen | نوع المادة فى نظام كوها | مصدر التصنيف او خطة الترفيف | Total Checkouts |
|---|---|---|---|---|---|---|---|---|---|---|---|---|
| 2021-03-06 | 610.724 JKI | 2021-03-06 | المكتبة المركزية بالمجمعة (CL) | 00167967 | المكتبة المركزية بالمجمعة (CL) | 2021-03-06 | كتاب | Dewey Decimal Classification | ||||
| 2021-03-06 | 610.724 JKI | 2021-03-06 | المكتبة المركزية بالمجمعة (CL) | 00167968 | المكتبة المركزية بالمجمعة (CL) | 2021-03-06 | كتاب | Dewey Decimal Classification | ||||
| 2021-03-06 | 610.724 JKI | 2021-03-06 | المكتبة المركزية بالمجمعة (CL) | 00167969 | المكتبة المركزية بالمجمعة (CL) | 2021-03-06 | كتاب | Dewey Decimal Classification | ||||
| 2021-03-06 | 610.724 JKI | 2021-03-06 | مكتبة كلية العلوم الطبية التطبيقية بالمجمعة - طالبات (AMF) | 00167876 | مكتبة كلية العلوم الطبية التطبيقية بالمجمعة - طالبات (AMF) | 2021-03-06 | كتاب | Dewey Decimal Classification |
